Countries with Monarchies - Statistics

General Stats
  • This quiz has been taken 50 times
  • The average score is 30 of 43
Answer Stats
Country % Correct
United Kingdom
95%
Sweden
89%
Netherlands
89%
Norway
89%
Spain
89%
Belgium
87%
Qatar
87%
Andorra
84%
Denmark
84%
Saudi Arabia
84%
United Arab Emirates
84%
Japan
82%
Monaco
82%
Oman
82%
Bahrain
79%
Jordan
79%
Liechtenstein
79%
Thailand
79%
Kuwait
76%
Luxembourg
76%
Tonga
76%
Vatican
76%
Cambodia
74%
Brunei
71%
Australia
68%
Bhutan
68%
New Zealand
66%
Malaysia
63%
Eswatini
61%
Lesotho
61%
The Bahamas
61%
Canada
58%
Saint Lucia
58%
Morocco
55%
Saint Kitts and Nevis
55%
Saint Vincent and the Grenadines
55%
Antigua and Barbuda
53%
Grenada
53%
Jamaica
50%
Tuvalu
50%
Papua New Guinea
45%
Solomon Islands
42%
Belize
39%
No matching quizzes found
Score Distribution
Percent of People with Each Score
Percentile by Number Answered
Your Score History
You have not taken this quiz